Obchodné rokovania v angličtine /

Gespeichert in:
Bibliographische Detailangaben
1. Verfasser: Grossmannová, Marta 1946- (VerfasserIn)
Format: Buch
Sprache:Englisch
Slowakisch
Veröffentlicht: Bratislava : Sprint dva, 2010
Ausgabe:1. vyd.
Schriftenreihe:Economics
Schlagworte:
ISBN:9788089393237
Online-Zugang: Volltext
Tags: Tag hinzufügen
Keine Tags, Fügen Sie den ersten Tag hinzu!

MARC

LEADER 00000nam a2200000 4500
003 SK-BrCVT
005 20220621163850.0
008 100924s2010 xo e ||||||eng d
020 |a 9788089393237 
035 |a CVTIDW0002954 
040 |b slo  |a CVTI SR  |e AACR2 
041 0 |a eng  |a slo 
044 |a xo 
080 |a 811.111  |2 UDC-MRF 
080 |a 339  |2 UDC-MRF 
100 1 |a Grossmannová, Marta  |d 1946-,  |4 aut 
245 1 0 |a Obchodné rokovania v angličtine /  |c Marta Grossmanová 
250 |a 1. vyd. 
260 |a Bratislava :  |b Sprint dva,  |c 2010 
300 |a 180 s. :  |b obr. ; 
490 0 |a Economics 
653 1 |a anglický jazyk 
653 1 |a obchodná angličtina 
910 |b A611626 
919 |a 978-80-89393-23-7 
959 |a 02 
974 |a jana.rakovicka  |f Knihy 
992 |a AUV 
999 |c 159856  |d 159856